Portugal, país de florestas.
Guardado en:
| Autor Corporativo: | |
|---|---|
| Formato: | Libro |
| Idioma: | Portuguese |
| Publicado: |
Lisboa :
Direcçao Geral das Florestas,
1992.
|
| Etiquetas: |
Agregar Etiqueta
Sin Etiquetas, Sea el primero en etiquetar este registro!
|
| LEADER | 00434nam a22001335a 4500 | ||
|---|---|---|---|
| 001 | EEA.libagro005377 | ||
| 005 | 20180704094807.0 | ||
| 008 | 130809s1992####po#a##########000#0#por#d | ||
| 082 | 0 | 4 | |a 333.75 |
| 110 | 2 | |a Portugal. |b Direcçao Geral das Florestas. | |
| 245 | 1 | 0 | |a Portugal, país de florestas. |
| 260 | |a Lisboa : |b Direcçao Geral das Florestas, |c 1992. | ||
| 300 | |a 60 p. : |b il. ; |c 27 cm. | ||
| 859 | |a AR-BbBCA |b BIB. AGRONOMIA |h 333.75 |i P853 |p 1996/2677 | ||
